Monitorovanie frekvencie generátorov z pohľadu ich predpísaného času chodu pri nominálnych frekvenciách

Na minha lista:
Detalhes bibliográficos
Autor principal: Brezina, Vlastimil (Author)
Outros Autores: Beláň, Anton, 1970- (Thesis advisor)
Formato: Manuscrito Livro
Idioma:eslovaco
Publicado em: Bratislava : STU v Bratislave FEI, 2003
Assuntos:
Tags: Adicionar Tag
Sem tags, seja o primeiro a adicionar uma tag!

MARC

LEADER 00000ntm a22000003a 4500
001 stu81083
005 20160719164736.9
008 030620s2003------------------------slo-d
040 |a STU  |b slo 
041 0 |a slo 
100 1 |a Brezina, Vlastimil  |4 aut 
245 1 |a Monitorovanie frekvencie generátorov z pohľadu ich predpísaného času chodu pri nominálnych frekvenciách 
260 |a Bratislava :  |b STU v Bratislave FEI,  |c 2003 
300 |a 60 s 
650 7 |a Elektroenergetické a silnoprúdové inžinierstvo  |2 stusub 
700 1 |a Beláň, Anton,  |d 1970-  |4 ths  |u E020  |U FEI Fakulta elektrotechniky a informatiky  |T FEI Ústav elektroenergetiky a aplikovanej elektrotechniky  |X 2032  |U E020  |Y 548  |7 A000002032